000 00599nam a2200181 a 4500
001 000046339
005 20201002052811.0
008 150731s2011 cr 000 0 spa d
020 _a9789977653556
040 _aDO-SdBNP
_bspa
_cBNPHU
082 _axxxx
_bxxxx
100 1 _aCuello Nieto, César
_937060
245 1 0 _aDesarrollo sostenible y experiencias costarricenses /
_cCésar Cuello Nieto.
260 _aHeredia, Costa Rica :
_bEUNA,
_c2011.
300 _a291 p. ;
_c21 cm.
500 _aIncluye datos biográficos del autor en la solapa de la cubierta.
504 _aBibliografía : p. 217-291
999 _c45828
_d45828